000 03883cam a22003858i 4500
001 23810176
003 EG-ScBUE
005 20250223094320.0
008 240803s2025 enk f b 001 0 eng d
020 _a9781032824161
040 _aLBSOR
_beng
_erda
_cLBSOR
_dEG-ScBUE
043 _ad------
082 0 4 _a332.491724
_222
_bMON
245 0 0 _aMonetary economics in emerging and developing countries /
_cJoshua Yindenaba Abor, Peter Quartey, Joseph G. Nellis and Lakshmy Subramanian.
264 1 _aAbingdon, Oxon ;
_aNew York, NY :
_bRoutledge,
_c2025.
300 _axviii, 319 pages ;
_c24 cm
336 _atext
_btxt
_2rdacontent
337 _aunmediated
_bn
_2rdamedia
338 _avolume
_bnc
_2rdacarrier
504 _aIncludes bibliographical references and index.
505 0 _aIntroduction to monetary economics in emerging and developing countries -- Overview of the financial system -- The nature and role of money and payment systems -- Money supply -- Demand for money -- Monetary institutions in emerging and developing countries -- Conduct of monetary policy in developing countries -- Monetary policy and optimal fiscal policy in emerging and developing countries -- Financial markets and monetary policy -- Money, inflation and growth -- Exchange rate policy -- Financial crises, contagion and the role of monetary authority -- International financial system.
520 _a"Monetary economics is concerned with the role of money in economic activities. The development of monetary theory and policy plays a significant role in the growth and development of various economies. This has far-reaching implications for various sectors of the economy through several channels including inflation, employment, interest rates, exchange rates, consumption, government spending, investment, and the level of economic activity. Much of the literature to-date has focused on developed economies. This book, however, is an essential guide to the monetary and economic systems of emerging and developing countries. The book contributes to the role of monetary policy in macroeconomic stabilization, examining the characteristics and recent developments in emerging and developing countries' monetary and economic systems, including lessons learned in monetary policy and the associated challenges, the role of building blocks of monetary theory, policy frameworks used in practice, especially, looking at why and how these issues are relevant in these economies. It provides theoretical underpinnings and critical issues relating to various aspects of monetary theory including the role of money, monetary systems, money supply, demand for money, central banking, monetary policy, and the instruments for its implementation in emerging and developing countries. Further, it presents relevant cases, illustrating the intricacies of the monetary systems in these countries. This invaluable resource elucidates the significant differences between developed and emerging and developing economies. It contributes to the field by providing a comprehensive understanding of monetary economics for students, scholars, researchers, policymakers, and monetary and economic policy practitioners"--
_cProvided by publisher.
650 7 _aMonetary policy
_zDeveloping countries.
_2BUEsh
650 7 _aMoney
_zDevelopment countries.
_2BUEsh
653 _cFebruary2025
_bBUSECO
655 _vReading book
700 1 _aAbor, Joshua Yindenaba,
_eauthor.
700 1 _aQuartey, Peter,
_eauthor.
700 1 _aNellis, Joseph G.,
_eauthor.
700 1 _aSubramanian, Lakshmy,
_eauthor.
776 0 8 _iOnline version:
_aAbor, Joshua Yindenaba.
_tMonetary economics in emerging and developing countries
_dAbingdon, Oxon ; New York, NY : Routledge, 2025
_z9781003504399
_w(DLC) 2024030869
906 _a7
_bcbc
_corignew
_d1
_eecip
_f20
_gy-gencatlg
942 _2ddc
_cBB
999 _c30905
_d30876